书目信息 |
| 题名: |
多媒体手册
|
|
| 作者: | 杨士强、翁瑞琪、杨小勤、张尚仁 , KEYES 译校 | |
| 分册: | ||
| 出版信息: | 北京 电子工业出版社 1996.04 |
|
| 页数: | 577页 | |
| 开本: | 16开 | |
| 丛书名: | ||
| 单 册: | ||
| 中图分类: | TP37-62 | |
| 科图分类: | ||
| 主题词: | 电子计算机 , 计算技术 | |
| 电子资源: | ||
| ISBN: | 7-5053-3293-7 | |
| 000 | 00651nam0 2200217 45 | |
| 001 | 0004041520 | |
| 005 | 20000404151826.6 | |
| 010 | @a7-5053-3293-7@d68.00元 | |
| 100 | @a20000404d1996 km y0chiy0120 ea | |
| 101 | @achi | |
| 105 | @a z 000yy | |
| 200 | 1 | @a多媒体手册@ADuo Mei Ti Shou Ce@f(美)KEYES著;杨士强等译校@F(Mei)KEYES Zhu;Yang Shi Qiang Deng Yi Xiao |
| 210 | @a北京@c电子工业出版社@d1996.04 | |
| 215 | @a577页@d16开 | |
| 606 | 0 | @a电子计算机 |
| 606 | 0 | @a计算技术 |
| 690 | @aTP37-62@v3 | |
| 701 | @a杨士强、翁瑞琪、杨小勤、张尚仁@4译校 | |
| 701 | 0 | @aKEYES@4著 |
| 801 | @aCN@bPftUser@c20000404 | |
| 905 | @f2@b52439-440@dTP37-62@eY691 | |
| 多媒体手册/(美)KEYES著;杨士强等译校.-北京:电子工业出版社,1996.04 |
| 577页;16开 |
| ISBN 7-5053-3293-7:68.00元 |
| ● |
| 相关链接 |
|
|
|
正题名:多媒体手册
索取号:TP37-62/Y691
 
预约/预借
| 序号 | 登录号 | 条形码 | 馆藏地/架位号 | 状态 | 备注 |
| 1 | 52439 | 200524398 | 自科库301/301自科库 94排2列1层/ [索取号:TP37-62/Y691] | 在馆 | |
| 2 | 52440 | 200524405 | 自科库301/301自科库 94排2列1层/ [索取号:TP37-62/Y691] | 在馆 |